| 000 | 01637cam a22004095i 4500 | ||
|---|---|---|---|
| 001 | 2315601 | ||
| 003 | EG-ScBUE | ||
| 005 | 20250622083729.0 | ||
| 008 | 811125s1982 nyua f 001 0 eng d | ||
| 020 | _a9780486642901 | ||
| 020 | _a0486642909 | ||
| 040 |
_aEG-ScBUE _beng _erda _cEG-ScBUE _dEG-ScBUE |
||
| 041 | 1 |
_aeng _hger |
|
| 082 | 0 | 4 |
_a537.1 _bBEC _222 |
| 100 | 1 |
_aBecker, Richard, _d1887-1955, _eauthor. _938807 |
|
| 240 | 1 | 0 |
_aTheorie der Elektrizität. _lEnglish |
| 245 | 1 | 0 |
_aElectromagnetic fields and interactions / _cRichard Becker ; edited by Professor Fritz Sauter, Ph.D., University of Cologne ; translated by Ivor de Teissier. |
| 264 | 1 |
_aNew York : _bDover Publications, Inc., _c1982. |
|
| 300 |
_a2 volumes in 1 : _billustrations ; _c22 cm. |
||
| 336 |
_2rdacontent _atext _btxt |
||
| 337 |
_aunmediated _2rdamedia _bn |
||
| 338 |
_avolume _bnc _2rdacarrier |
||
| 490 | 0 | _aDover books on physics | |
| 490 | 0 | _aBlaisdell book in the pure and applied sciences | |
| 500 | _aIncludes index. | ||
| 505 | 0 | _aVolume 1. Electromagnetic theory and relativity -- Volume 2. Quantum theory of atoms and radiation / translated by Ivor de Teisser ; rev. by Günther Leibfried and Wilhelm Brenig. | |
| 546 | _aText in English ; translated from original German language. | ||
| 650 | 7 |
_aElectromagnetic fields. _2BUEsh |
|
| 650 | 7 |
_aRelativity (Physics) _2BUEsh |
|
| 650 | 7 |
_aElectrons. _2BUEsh |
|
| 650 | 7 |
_aQuantum theory. _2BUEsh |
|
| 653 |
_bENGGEN _cDecember2015 |
||
| 655 |
_vReading book _934232 |
||
| 700 | 1 |
_aSauter, Fritz, _d1906- _eeditor. |
|
| 700 | 1 |
_aTeissier , Ivor de , _etranslator. |
|
| 942 |
_2ddc _cBB |
||
| 999 |
_c21102 _d21074 |
||